书目信息 |
| 题名: |
材料力学
|
|
| 作者: | 贝德福特, , Bedford, , 里西蒂, , Liechti, 著 | |
| 分册: | ||
| 出版信息: | 北京 清华大学出版社 2004.12 |
|
| 页数: | 627页 | |
| 开本: | 23×21cm | |
| 丛书名: | 国际著名力学图书 | |
| 单 册: | ||
| 中图分类: | TB301-43:H31 | |
| 科图分类: | ||
| 主题词: | 材料力学--cai liao li xue--高等学校--教材--英文 , 材料力学--cai liao li xue | |
| 电子资源: | ||
| ISBN: | 7-302-10227-9 | |
| 000 | 01509cam2 2200361 450 | |
| 001 | 012005020808 | |
| 005 | 20051124160148.67 | |
| 010 | @a7-302-10227-9@dCNY59.00(含光盘) | |
| 010 | @a7-89494-635-4@b光盘 | |
| 100 | @a20050716d2004 em y0chiy0121 ea | |
| 101 | 0 | @aeng@dchi@gchi |
| 102 | @aCN@b110000 | |
| 105 | @af z 001yy | |
| 200 | 1 | @a材料力学@Acai liao li xue@d= Mechanics of materals@f(美)[贝德福特]Anthony Bedford,(美)[里西蒂]Kenneth M. Liechti著@zeng |
| 205 | @a影印版@b英文本 | |
| 210 | @a北京@c清华大学出版社@d2004.12 | |
| 215 | @a627页@c图@d23×21cm@e光盘1片 | |
| 225 | 2 | @a国际著名力学图书@Aguo ji zhu ming li xue tu shu@i影印版系列@v19 |
| 320 | @a有索引(第623-627页) | |
| 330 | @a本书共分12章,以精简力学原有教学内容为基础,吸收固体力学中应力、应变一般概念、广义虎克定律、失效与断裂准则等重要内容,并加强与工程设计应用相结合。 | |
| 333 | @a阅读对象:高等院校材料力学学生等 | |
| 462 | 0 | @12001 @a国际著名力学图书@i影印版系列@v19 |
| 510 | 1 | @aMechanics of materals@zeng |
| 606 | 0 | @a材料力学@Acai liao li xue@x高等学校@j教材@j英文 |
| 606 | 0 | @a材料力学@Acai liao li xue |
| 690 | @aTB301-43:H31@v4 | |
| 701 | 1 | @c(美)@a贝德福特,@Abei de fu te@bA.@g(Bedford Anthony)@4著 |
| 701 | 1 | @c(美)@aBedford,@bA.@g(Bedford Anthony)@4著 |
| 701 | 1 | @c(美)@a里西蒂,@Ali xi di@bK. M.@g(Liechti Kenneth M.)@4著 |
| 701 | 1 | @c(美)@aLiechti,@bK. M.@g(Liechti Kenneth M.)@4著 |
| 801 | 0 | @aCN@bSRXX@c20051124 |
| 801 | 2 | @aCN@bSRXX@c20051110 |
| 905 | @a10447@dTB301-43:H31@eB675 | |
| 材料力学= Mechanics of materals/(美)[贝德福特]Anthony Bedford,(美)[里西蒂]Kenneth M. Liechti著.-影印版,英文本.-北京:清华大学出版社,2004.12 |
| 627页:图;23×21cm+光盘1片.-(国际著名力学图书.影印版系列;19) |
| 使用对象:阅读对象:高等院校材料力学学生等 |
| ISBN 7-302-10227-9:CNY59.00(含光盘) |
| 本书共分12章,以精简力学原有教学内容为基础,吸收固体力学中应力、应变一般概念、广义虎克定律、失效与断裂准则等重要内容,并加强与工程设计应用相结合。 |
| ● |
| 相关链接 |
|
|
|
正题名:材料力学
索取号:TB301-43:H31/B675
 
预约/预借
| 序号 | 登录号 | 条形码 | 馆藏地/架位号 | 状态 | 备注 |
| 1 | 544225 | 205442252 | 自科库501/501自科库 12排1列3层/ [索取号:TB301-43:H31/B675] | 在馆 | |
| 2 | 544226 | 205442261 | 期刊室512/501自科库 12排1列3层/ [索取号:TB301-43:H31/B675] | 在馆 | |
| 3 | 544227 | 205442270 | 自科库501/501自科库 12排1列3层/ [索取号:TB301-43:H31/B675] | 在馆 |